000 00818nam a22002777a 4500
003 DO-SdBNP
005 20171205124459.0
008 151029b 1991 a sp 00| 0 spa d
020 _a8434822067
040 _aBPMSU
_bspa
_cBPMSU
082 _axxxx
_bB729c
100 1 _aBordons, Paloma
245 1 0 _aChis y garabís /
_cPaloma Bordons ; ilustraciones Ana López Escrivá
250 _a6a ed.
260 _aMadrid :
_bSM,
_c1991.
300 _a117 p. :
_bil.
_g20 cm
490 _aEl barco de vapor
_v45
521 _aA partir de 9 años.
586 _aFinalista del premio El barco de vapor, 1986.
700 1 2 _aLópez Escrivá, Ana
_eil.
830 0 _aEl barco de vapor
_n45
910 _a144
942 _2ddc
_cBK
945 _ainventariado extranjero / DG
956 _aYngrid Lockward
_2YLOCKWARD
_310
_8BPMSU
999 _c12759
_d12759